[Event "Moratalaz op 25th"]
[Site "Madrid"]
[Date "2012.09.15"]
[Round "1"]
[White "Arribas Lopez, Angel"]
[Black "Martin Espeja, Jorge Juan"]
[Result "1-0"]
[WhiteElo "2467"]
[BlackElo "1827"]
[PlyCount "71"]
[EventDate "2012.09.15"]
[EventType "swiss"]
[EventRounds "9"]
[EventCountry "ESP"]
[SourceTitle "CBM 150 Extra"]
[Source "ChessBase"]
[SourceDate "2012.10.19"]
[SourceVersion "1"]
[SourceVersionDate "2012.10.19"]
[SourceQuality "1"]

1. e4 e5 2. f4 Bc5 3. Nf3 d6 4. Nc3 Bg4 5. Bc4 Nc6 6. Bb5 Nge7 7. f5 a6 8. Ba4 b5 9. Bb3 Bxf3 10. Qxf3 Nd4 11. Qg4 h5 12. Qxg7 Rf8 13. f6 Ng8 14. Rf1 Qd7 15. Ne2 Ne6 16. Qh7 0-0-0 17. d3 a5 18. a4 b4 19. Qxh5 c6 20. Bxe6 Qxe6 21. Qf5 Kd7 22. h4 Qxf5 23. Rxf5 Ke6 24. Bg5 d5 25. h5 dxe4 26. dxe4 Bd4 27. c3 bxc3 28. bxc3 Bc5 29. Nf4+ exf4 30. Rxc5 Rc8 31. Rf5 Rcd8 32. Rd1 Rb8 33. Bxf4 Rbd8 34. Bg5 Rxd1+ 35. Kxd1 Rd8+ 36. Kc2 1-0

[Event "Parla op 25th"]
[Site "Parla"]
[Date "2010.09.06"]
[Round "3"]
[White "Martin Espeja, Jorge Juan"]
[Black "Rodrigo Yanguas, Maria"]
[Result "1/2-1/2"]
[WhiteElo "1881"]
[BlackElo "2092"]
[PlyCount "53"]
[EventDate "2010.09.04"]
[EventType "swiss"]
[EventRounds "9"]
[EventCountry "ESP"]
[SourceTitle "CBM 138 Extra"]
[Source "ChessBase"]
[SourceDate "2010.10.29"]
[SourceVersion "1"]
[SourceVersionDate "2010.10.29"]
[SourceQuality "1"]

1. e4 e6 2. d4 d5 3. exd5 exd5 4. Bd3 Bd6 5. Ne2 Ne7 6. Bf4 Be6 7. Bxd6 Qxd6 8. Ng3 Qb4+ 9. Qd2 Qxb2 10. Qc3 Qxc3+ 11. Nxc3 Nbc6 12. Rb1 0-0-0 13. Nce2 g5 14. c3 Na5 15. Rb5 b6 16. f4 h5 17. 0-0 h4 18. Nh1 f6 19. f5 Bd7 20. Rxa5 bxa5 21. Ba6+ Kb8 22. Rb1+ Ka8 23. Bb7+ Kb8 24. Ba6+ Ka8 25. Bb7+ Kb8 26. Ba6+ Ka8 27. Bb7+ 1/2-1/2